[Event "8e Festival de Vaujany 2017 - accession"]
[Site "?"]
[Date "2017.07.16"]
[Round "4.12"]
[White "Tonnaire, Romain"]
[Black "Skomorokhina, Ekaterina"]
[Result "1/2-1/2"]
[WhiteElo "1628"]
[BlackElo "1812"]
[PlyCount "73"]
[SourceDate "2017.07.14"]

1. d4 Nf6 2. c4 e6 3. Nf3 Bb4+ 4. Bd2 Qe7 5. a3 Bxd2+ 6. Nbxd2 d6 7. e4 e5 8.
d5 O-O 9. Bd3 Nbd7 10. b4 Ne8 11. O-O g6 12. Qc2 Ng7 13. Rac1 f5 14. c5 Rf7 15.
c6 Nf8 16. cxb7 Bxb7 17. Nc4 f4 18. Na5 Bc8 19. Nc6 Qf6 20. Ne1 g5 21. f3 h5
22. Qe2 g4 23. Ba6 Bd7 24. Bb7 Re8 25. Nxa7 g3 26. Bc6 Qh4 27. h3 Bxc6 28. Nxc6
Nh7 29. a4 Ra8 30. a5 Ng5 31. Ra1 Ne8 32. a6 Nf6 33. b5 Nfh7 34. a7 Nxh3+ 35.
gxh3 Ng5 36. Qg2 Nxh3+ 37. Kh1 1/2-1/2

[Event "8e Festival de Vaujany 2017 - accession"]
[Site "?"]
[Date "2017.07.16"]
[Round "4.13"]
[White "Lees, Jean Pierre"]
[Black "Gipouloux, Laurent"]
[Result "1-0"]
[WhiteElo "1770"]
[BlackElo "1662"]
[PlyCount "125"]
[SourceDate "2017.07.14"]

1. d4 b5 2. e4 Bb7 3. Nd2 c6 4. Bd3 d6 5. Ngf3 Nd7 6. O-O e5 7. c3 Be7 8. Re1
Ngf6 9. b3 a5 10. a4 Ba6 11. Qe2 Qb6 12. Bb2 bxa4 13. Bxa6 Qxa6 14. Qxa6 Rxa6
15. Rxa4 Nb6 16. Ra2 Nfd7 17. Rea1 a4 18. bxa4 O-O 19. a5 Rfa8 20. c4 f6 21.
Ra3 Nc8 22. Ne1 Bd8 23. Nb3 Ne7 24. Nd3 c5 25. dxc5 dxc5 26. Ndxc5 Nxc5 27.
Nxc5 Rxa5 28. Rxa5 Rxa5 29. Rxa5 Bxa5 30. Ba3 Nc6 31. Nb7 Bb4 32. Bxb4 Nxb4 33.
Kf1 Nc6 34. Ke2 Kf7 35. Kd3 Ke6 36. c5 Kd7 37. Kc4 Nd4 38. Kd5 Nc6 39. Nd6 Nb4+
40. Kc4 Nc6 41. Kb5 Nd4+ 42. Kb6 g6 43. Nb5 Nc6 44. Nd6 Nd4 45. Nb7 Nc6 46. Na5
Ne7 47. c6+ Kc8 48. Nc4 Kd8 49. Nd6 f5 50. Kb7 fxe4 51. c7+ Kd7 52. c8=Q+ Nxc8
53. Nxc8 Ke6 54. Nb6 Kf5 55. Nc4 g5 56. Ne3+ Kf4 57. Kc6 h5 58. Kd6 g4 59. Ke6
h4 60. Nd5+ Kg5 61. Kxe5 g3 62. fxg3 hxg3 63. h3 1-0

[Event "8e Festival de Vaujany 2017 - accession"]
[Site "?"]
[Date "2017.07.16"]
[Round "4.15"]
[White "Kim , Yun Seo"]
[Black "Heckly, Jean Louis"]
[Result "1-0"]
[WhiteElo "1763"]
[BlackElo "1610"]
[PlyCount "63"]
[SourceDate "2017.07.14"]

1. e4 e5 2. Nf3 Nc6 3. Bc4 Bc5 4. O-O Nf6 5. d3 O-O 6. h3 d6 7. c3 a6 8. Bb3
Ne7 9. Nbd2 Ng6 10. Re1 Be6 11. Nf1 Ba7 12. Ng3 h6 13. Be3 Qd7 14. Bxa7 Rxa7
15. d4 Bxh3 16. gxh3 Qxh3 17. Bc4 Nf4 18. Bf1 Qg4 19. Nh2 Qg6 20. Qf3 h5 21.
Bg2 Re8 22. dxe5 dxe5 23. Rad1 h4 24. Ne2 Nxg2 25. Qxg2 Qxg2+ 26. Kxg2 Nxe4 27.
Ng1 f5 28. Nhf3 Kf7 29. Rd7+ Re7 30. Nxe5+ Ke6 31. Rxe7+ Kxe7 32. f3 1-0

[Event "8e Festival de Vaujany 2017 - accession"]
[Site "?"]
[Date "2017.07.16"]
[Round "4.39"]
[White "Shin, Jae Yeol"]
[Black "Benezra, Silke"]
[Result "0-1"]
[WhiteElo "1824"]
[BlackElo "1358"]
[PlyCount "106"]
[SourceDate "2017.07.14"]

1. e4 b6 2. Nf3 Bb7 3. Nc3 e6 4. g3 d6 5. Bg2 g6 6. d3 Bg7 7. Bd2 Ne7 8. Ng5 h6
9. Nf3 Nd7 10. O-O Nf6 11. Re1 Qd7 12. e5 Nfd5 13. exd6 Qxd6 14. Nb5 Qd7 15.
Nbd4 O-O-O 16. Ne5 Bxe5 17. Rxe5 f6 18. Rxe6 Nc6 19. Nxc6 Bxc6 20. Bxd5 Qxd5
21. Re4 f5 22. c4 Qxd3 23. Re2 Bf3 24. Re3 Qxe3 25. fxe3 Bxd1 26. Rxd1 Rd3 27.
Kf2 Rhd8 28. Ke2 c6 29. b3 b5 30. cxb5 cxb5 31. Rc1+ Kb7 32. Ba5 R8d7 33. Bb4
R3d5 34. Ra1 a6 35. a4 Rc7 36. Ra2 bxa4 37. bxa4 Rc4 38. Rb2 Kc6 39. Bf8 h5 40.
Bg7 Rxa4 41. Bd4 Rb5 42. Rc2+ Kd5 43. Bf6 Rb6 44. Bd4 Rc6 45. Rd2 Rac4 46. Bc3+
Ke4 47. Rd4+ Rxd4 48. Bxd4 a5 49. h4 a4 50. Kd2 a3 51. Kd1 a2 52. Kd2 Ra6 53.
Ba1 Ra3 0-1

[Event "8e Festival de Vaujany 2017 - accession"]
[Site "?"]
[Date "2017.07.17"]
[Round "5.1"]
[White "Mars, Fiona"]
[Black "Billotti, Romain"]
[Result "1-0"]
[WhiteElo "1793"]
[BlackElo "1828"]
[PlyCount "73"]
[SourceDate "2017.07.14"]

1. Nf3 d5 2. e3 Nf6 3. d4 e6 4. Bd3 c5 5. b3 Nc6 6. O-O Bd6 7. Bb2 cxd4 8. exd4
O-O 9. Nbd2 Nd7 $6 10. c4 b6 11. Qe2 Re8 12. Ne5 Ndxe5 13. dxe5 Bc5 14. Nf3 Bb7
15. Rfd1 Qe7 16. a3 a5 17. cxd5 exd5 18. Bb5 Red8 19. Rd2 Na7 20. Bd3 g6 21.
Re1 Bc8 22. Red1 Be6 23. a4 Nc6 24. Bb5 Nb4 25. Nd4 Rac8 26. Qf3 Qg5 27. Re2
Bg4 28. Qg3 Qh5 29. f3 Be6 30. Kh1 Be7 31. Qf2 Bc5 32. g4 Qg5 33. h4 Qe7 34.
Qg3 Bxd4 35. Bxd4 Qb7 36. Qf2 Na2 $4 37. Rxa2 1-0

[Event "8e Festival de Vaujany 2017 - accession"]
[Site "?"]
[Date "2017.07.17"]
[Round "5.2"]
[White "De Muyser, Xavier"]
[Black "Dreyfus, Jacques"]
[Result "1-0"]
[WhiteElo "1751"]
[BlackElo "1712"]
[PlyCount "65"]
[SourceDate "2017.07.14"]

1. e4 e5 2. Bc4 Nf6 3. d3 Nc6 4. Nf3 Bc5 5. O-O d6 6. Nc3 Bg4 7. h3 Bh5 8. Bg5
h6 9. Bxf6 gxf6 (9... Qxf6) 10. Ne2 Rg8 11. Kh2 Bxf3 12. gxf3 Qd7 13. c3 O-O-O
14. b4 Bb6 15. Qb3 Rdf8 16. Ng3 Nd8 17. a4 c6 18. a5 Bc7 19. b5 c5 20. b6 Bb8
21. a6 Nc6 22. bxa7 Nxa7 23. axb7+ Kd8 24. Rxa7 Bxa7 25. b8=Q+ Bxb8 26. Qxb8+
Qc8 27. Qxd6+ Qd7 28. Qxf6+ Kc8 29. Ra1 Rg6 30. Ba6+ Kc7 31. Qxe5+ Kd8 32. Qxc5
Rfg8 33. Bb5 1-0

[Event "8e Festival de Vaujany 2017 - accession"]
[Site "?"]
[Date "2017.07.17"]
[Round "5.3"]
[White "Chabaud, Mathis"]
[Black "Sesia, Noah"]
[Result "1/2-1/2"]
[WhiteElo "1671"]
[BlackElo "1723"]
[PlyCount "67"]
[SourceDate "2017.07.14"]

1. e4 e5 2. Nf3 Nc6 3. Nc3 Nf6 4. Bb5 Nd4 (4... Bb4) 5. Nxd4 (5. Ba4 Bc5 6.
Nxe5 O-O 7. Nd3 Bb6) 5... exd4 6. e5 dxc3 7. exf6 Qxf6 8. dxc3 Qe5+ 9. Qe2
Qxe2+ 10. Bxe2 d5 11. O-O (11. Bf4) (11. Be3) 11... Bf5 12. Bd3 Bxd3 13. cxd3
Kd7 (13... Bd6 14. d4 (14. Re1+ Kd7) 14... Kd7 15. Re1 Rhe8 16. Bd2 f5 (16...
Rxe1+ 17. Rxe1 Re8 18. Rxe8 Kxe8 19. Kf1 Ke7 20. h3 Ke6 21. Ke2 h5 22. Kf3 f6
23. Be3 c6 24. Bd2 Bc7 25. Be3 Bd6 26. Bd2 Bc7 27. Be3 Bd6 28. Bd2 Bc7 29. Be3
Bd6 30. Bd2 Bc7 {1/2-1/2 (30) Canal,E-Vidmar,M Sliac 1932}) 17. Rxe8 Rxe8 18.
Re1 Rxe1+ 19. Bxe1 Bf4 20. Kf1 Ke6 21. h3 g6 22. Ke2 c6 23. Kd3 g5 24. f3 h5
25. g4 fxg4 26. fxg4 h4 27. b4 b5 28. Bd2 Bxd2 29. Kxd2 a6 30. a3 Kd7 {1/2-1/2
(30) Nimzowitsch,A-Vidmar,M San Remo 1930}) 14. Bf4 Bd6 15. Bxd6 Kxd6 16. d4 (
16. Rfe1 Rae8 17. Kf1 Kd7 18. Rxe8 Rxe8 19. Re1 Re6 20. Rxe6 Kxe6 {1/2-1/2 (20)
Timoscenko,G (2510)-Sveshnikov,E (2535) Frunze 1981}) 16... Rhe8 17. Rfe1 Re6 (
17... c6 18. Kf1 {1/2-1/2 (18) Miralles,J (2300)-Eslon,J (2365) Stockholm 1978}
) 18. f3 Rae8 19. Rxe6+ Rxe6 20. Kf2 c6 21. Re1 Rxe1 22. Kxe1 f5 23. f4 g6 (
23... g5 24. Kf2 c5 25. Ke3 a6 26. a4 b5 27. axb5 axb5 28. b4 cxb4 29. cxb4 Ke6
30. h4 h5 31. g3 Kd6 32. Kf2 Ke6 33. Ke3 Kd6 34. Kf2) 24. Kf2 c5 25. Ke3 a6 26.
a4 b5 27. axb5 axb5 28. b4 cxb4 29. cxb4 Ke6 30. h4 h5 31. g3 Kd6 32. Kf2 Ke6
33. Ke3 Kd6 34. Kf2 1/2-1/2

[Event "8e Festival de Vaujany 2017 - accession"]
[Site "?"]
[Date "2017.07.17"]
[Round "5.4"]
[White "Vanhee, Lars"]
[Black "Koltai, Daniel"]
[Result "1/2-1/2"]
[WhiteElo "1707"]
[BlackElo "1812"]
[PlyCount "86"]
[SourceDate "2017.07.14"]

1. d4 Nf6 2. Bg5 e6 3. e3 h6 4. Bf4 b6 5. Nf3 Bb7 6. Nbd2 Be7 7. c3 O-O 8. Qc2
c5 9. Rg1 d5 10. g4 Ne4 11. Nxe4 dxe4 12. Nd2 cxd4 13. exd4 Qd5 14. Bg2 f5 15.
gxf5 Qxf5 16. Be3 Nd7 17. Bxe4 Bxe4 18. Qxe4 Qxe4 19. Nxe4 Kh7 20. O-O-O Nf6
21. Nxf6+ Rxf6 22. Rg4 Bd6 23. Rdg1 Rf7 24. R1g2 Raf8 25. h3 g5 26. h4 Bf4 27.
hxg5 Bxe3+ 28. fxe3 Rf1+ 29. Kc2 R1f2+ 30. Kb3 Rxg2 31. Rxg2 Rg8 32. Kc4 hxg5
33. Kd3 Kg6 34. e4 Kf6 35. Ke3 Rg7 36. Kf3 Rh7 37. d5 Rh3+ 38. Ke2 exd5 39.
exd5 g4 40. Rxg4 Rh2+ 41. Kd3 Rxb2 42. Ra4 Ke5 43. Rxa7 Kxd5 1/2-1/2

[Event "8e Festival de Vaujany 2017 - accession"]
[Site "?"]
[Date "2017.07.31"]
[Round "5.5"]
[White "Drillat, Michel"]
[Black "Masalles, Pierre"]
[Result "1/2-1/2"]
[WhiteElo "1865"]
[BlackElo "1719"]
[PlyCount "107"]
[SourceDate "2017.07.14"]

1. d4 Nf6 2. c4 g6 3. Nc3 Bg7 4. e4 d6 5. f3 Nbd7 6. Be3 e5 7. Nge2 Qe7 8. Qd2
Nb6 9. Nc1 exd4 10. Bxd4 Be6 11. b3 O-O 12. N1e2 Rad8 13. Nd5 Nbxd5 14. cxd5
Bd7 15. Nc3 c5 16. dxc6 Bxc6 17. O-O-O d5 18. e5 Nd7 19. f4 Nc5 20. Bd3 Ne4 21.
Bxe4 dxe4 22. Qe3 Rc8 23. Bc5 Qc7 24. Bxf8 Bxf8 25. Kb1 Ba3 26. Nxe4 Bxe4+ 27.
Qxe4 Qc3 28. Qe2 a5 29. Qd2 Qc6 30. Qe2 Qc3 31. g4 a4 32. Qd2 Qc6 33. Rhe1 axb3
34. axb3 Bb4 35. Qd3 Bxe1 36. Rxe1 Qg2 37. Qe2 Qd5 38. Qe3 Qa5 39. e6 Qd5 40.
e7 Re8 41. Qc3 Qd6 42. Qe3 Qd5 43. Re2 b5 44. Kb2 f6 45. Qe6+ Qxe6 46. Rxe6 Kf7
47. f5 gxf5 48. gxf5 Rxe7 49. Rxe7+ Kxe7 50. Kc3 Kd6 51. Kd4 Kc6 52. b4 Kd6 53.
Ke4 Kc6 54. Kd4 1/2-1/2

[Event "8e Festival de Vaujany 2017 - accession"]
[Site "?"]
[Date "2017.07.17"]
[Round "5.6"]
[White "Arcusa"]
[Black "Gazik"]
[Result "0-1"]
[WhiteElo "1716"]
[BlackElo "1715"]
[PlyCount "66"]
[SourceDate "2017.07.14"]

1. Nf3 Nf6 2. g3 d5 3. Bg2 c5 4. O-O Nc6 5. d4 cxd4 6. Nxd4 e5 7. Nxc6 bxc6 8.
c4 Be7 9. Nc3 Bb7 10. Qb3 Rb8 11. Qa4 O-O 12. Qxa7 Qc7 13. Qa4 Rbd8 14. Rd1 d4
15. Ne4 Nxe4 16. Bxe4 f5 17. Bg2 c5 18. Bd2 Bxg2 19. Kxg2 e4 20. Bf4 Bd6 21.
Bxd6 Qxd6 22. Qc2 Qe5 23. f4 exf3+ 24. exf3 Rfe8 25. Rf1 Re7 26. Qd2 Rde8 27.
Rad1 h6 28. f4 Qe6 29. Qc1 Qc6+ 30. Kg1 Re2 31. Rf2 d3 32. Qc3 Rxf2 33. Kxf2
Re2+ 0-1

[Event "8e Festival de Vaujany 2017 - accession"]
[Site "?"]
[Date "2017.07.17"]
[Round "5.7"]
[White "Goubet, Alain"]
[Black "Lees, Jean Pierre"]
[Result "0-1"]
[WhiteElo "1703"]
[BlackElo "1770"]
[PlyCount "58"]
[SourceDate "2017.07.14"]

1. f4 d5 2. d4 {j'avais vu qu'alain joue toujours cette variante et je m'étais
donc préparé en conséquence} g6 3. e3 Bg7 4. Be2 Nh6 5. Nf3 O-O 6. Bd2 c5 7. c3
Nd7 8. O-O b6 9. Ne5 Bb7 10. Na3 Nf5 11. Bg4 Nf6 12. Bxf5 gxf5 13. Rf3 e6 14.
Rh3 Qe7 15. Be1 Qe8 16. g4 fxg4 17. Nxg4 Nxg4 18. Qxg4 f5 19. Qh4 h6 20. Rg3
Kh7 21. Bd2 Bf6 22. Qh3 Ba6 23. b3 Bd3 24. Kf2 Qe7 25. Kf3 Bh4 26. Rgg1 Rg8 27.
dxc5 bxc5 28. c4 d4 29. Nb5 Qb7+ 0-1

[Event "8e Festival de Vaujany 2017 - accession"]
[Site "?"]
[Date "2017.07.17"]
[Round "5.8"]
[White "Corfield, Zoe"]
[Black "Kim , Yun Seo"]
[Result "0-1"]
[WhiteElo "1694"]
[BlackElo "1763"]
[PlyCount "88"]
[SourceDate "2017.07.14"]

1. e4 c5 2. Nf3 e6 3. c3 d5 4. exd5 Qxd5 5. Bb5+ Bd7 6. Bxd7+ Qxd7 7. O-O Nc6
8. Na3 Nf6 9. Nc4 Be7 10. Nce5 Nxe5 11. Nxe5 Qd5 12. Qa4+ Nd7 13. Re1 Bf6 14.
Ng4 O-O 15. Nxf6+ Nxf6 16. Qf4 Rad8 17. b4 c4 18. a4 Rfe8 19. h3 e5 20. Qe3 a6
21. a5 e4 22. Rb1 Qd3 23. Rb2 Nd5 24. Qg5 f6 25. Qg4 Nc7 26. Re3 Qd7 27. Qh4
Qf5 28. Rc2 Nd5 29. Re2 Nf4 30. Re3 Nd3 31. Ba3 g5 32. Qg3 Qf4 33. h4 Qxg3 34.
Rxg3 h6 35. hxg5 hxg5 36. Ra2 Re5 37. f3 exf3 38. Rxf3 Re1+ 39. Kh2 Ne5 40. Rg3
Kf7 41. b5 axb5 42. Bc5 Rd1 43. Bd4 b4 44. Rb2 b3 0-1

[Event "8e Festival de Vaujany 2017 - accession"]
[Site "?"]
[Date "2017.07.17"]
[Round "5.9"]
[White "Gallet, Gilles"]
[Black "Kondratoff, Patrice"]
[Result "1-0"]
[WhiteElo "1665"]
[BlackElo "1729"]
[PlyCount "90"]
[SourceDate "2017.07.14"]

1. d4 Nf6 2. Nf3 d6 3. Bg5 Nbd7 4. Nbd2 c6 5. e4 e5 6. c3 Be7 7. Bd3 O-O 8. O-O
b5 (8... h6) (8... Re8) (8... Qc7) 9. a4 Qb6 10. dxe5 (10. axb5 cxb5 11. Qe2
Rb8 12. Nb3 a6 13. Na5 Re8 14. d5 Bb7 15. Nxb7 Qxb7 16. Nd2 Nxd5 17. exd5 Bxg5
18. Nb3 Qxd5 19. c4 Qe6 20. Rxa6 e4 21. Bb1 bxc4 22. Na5 Rb6 23. Rxb6 Nxb6 24.
Nc6 d5 25. Nd4 Qe5 26. Rd1 Na4 27. g3 c3 28. f4 exf3 29. Qxe5 Rxe5 30. Nxf3
Nxb2 31. Rf1 Be3+ 32. Kg2 Re8 33. Re1 Kf8 {0-1 (33) Vlatten,A (1917)-Langrock,
M (1864) Ruhrgebiet 2004}) 10... dxe5 11. Qe2 b4 12. Nc4 Qc7 13. Bxf6 gxf6 14.
Nh4 Nc5 15. cxb4 Nb3 16. Rad1 Bxb4 17. f4 Bc5+ 18. Kh1 Bd4 19. Qh5 exf4 20. e5
f5 21. Nxf5 Bxf5 22. Qxf5 f6 23. Rxf4 fxe5 24. Qe6+ Kh8 25. Rh4 Rf7 26. Nd6 Rg7
27. Ne8 Qe7 28. Qxe7 Rxe7 29. Nf6 Rf7 30. Nxh7 Rf4 31. Rh5 e4 32. Ng5+ Kg7 33.
Ne6+ Kf6 34. Nxf4 exd3 35. Rxd3 Rb8 36. Rf3 Re8 37. g3 Re1+ 38. Kg2 Nd2 39. Rd3
Be3 40. Rd6+ Ke7 41. Rxc6 Rg1+ 42. Kh3 Kd7 43. Rg6 Kc8 44. Rh7 Bb6 45. Rg8+ Bd8
1-0

[Event "8e Festival de Vaujany 2017 - accession"]
[Site "?"]
[Date "2017.07.17"]
[Round "5.10"]
[White "Skomorokhina, Ekaterina"]
[Black "Piceu, Jarid"]
[Result "1-0"]
[WhiteElo "1812"]
[BlackElo "1619"]
[PlyCount "171"]
[SourceDate "2017.07.14"]

1. d4 Nf6 2. Bf4 c5 3. c3 b6 4. Nf3 g6 5. e3 Bg7 6. Nbd2 Bb7 7. Be2 O-O 8. O-O
d6 9. h3 Nbd7 10. c4 Qc7 11. Bh2 Rfe8 12. d5 b5 13. e4 bxc4 14. Bxc4 Nb6 15.
Bb5 Red8 16. Qc2 Nfd7 17. Rac1 Qc8 18. Rfd1 Ba6 19. Bc6 Bb7 20. Bxb7 Qxb7 21.
b3 Rac8 22. Nc4 Qa6 23. Nfd2 Qb7 24. Na5 Qa6 25. Nc6 Re8 26. f4 e6 27. Nc4 Nxc4
28. bxc4 exd5 29. cxd5 Nb8 30. Nxb8 Rxb8 31. Rb1 Rb6 32. Re1 Qb7 33. Rxb6 axb6
34. Qb3 Qc7 35. Qb5 Kf8 36. Kf2 c4 37. Kf3 c3 38. Rc1 Qe7 39. Qd3 Qc7 40. Qb5
Qe7 41. Qb4 f5 42. e5 dxe5 43. d6 e4+ 44. Ke2 Qd7 45. Qxb6 Rd8 46. Bg1 Ke8 47.
Bc5 Bf8 48. Rxc3 Bxd6 49. Bxd6 Qxd6 50. Qxd6 Rxd6 51. g4 Kd7 52. a4 Ra6 53.
gxf5 gxf5 54. Rc5 Ke6 55. a5 Kf6 56. Kf2 Kg6 57. Rb5 Kh5 58. Rxf5+ Kh4 59. Ke3
Kxh3 60. Kxe4 h6 61. Kf3 Kh4 62. Rb5 Rc6 63. Rb6 Rc3+ 64. Ke4 h5 65. a6 Rc4+
66. Kf5 Rc5+ 67. Kg6 Kg4 68. f5 h4 69. Rb4+ Kg3 70. Ra4 Rc8 71. Ra3+ Kg2 72.
Ra2+ Kg3 73. a7 Rg8+ 74. Kh6 Ra8 75. f6 h3 76. f7 h2 77. Ra1 Kg2 78. Kg7 Rxa7
79. Rxa7 h1=Q 80. f8=Q Qh3 81. Ra2+ Kh1 82. Qa8+ Kg1 83. Qa7+ Kh1 84. Qb7+ Kg1
85. Qb1+ Qf1 86. Qxf1+ 1-0

[Event "8e Festival de Vaujany 2017 - accession"]
[Site "?"]
[Date "2017.07.17"]
[Round "5.11"]
[White "Christophe Hayot, Romain"]
[Black "Koltai, Dora"]
[Result "1/2-1/2"]
[WhiteElo "1783"]
[BlackElo "1693"]
[PlyCount "113"]
[SourceDate "2017.07.14"]

1. d4 d5 2. Nf3 Nf6 3. Bf4 c5 4. e3 Bf5 5. Bb5+ Nc6 6. c3 e6 7. Ne5 Qb6 8. Qb3
Rc8 9. O-O Be7 10. Bxc6+ bxc6 11. Qxb6 axb6 12. h3 h6 13. a4 O-O 14. a5 bxa5
15. Rxa5 cxd4 16. exd4 Bd6 17. b4 Bxe5 18. dxe5 Nd7 19. Ra7 Nb6 20. Nd2 Ra8 21.
Rfa1 Rxa7 22. Rxa7 Bd3 23. Nb3 Rc8 24. Be3 Nc4 25. Bd4 Bc2 26. Nc5 Bg6 27. Nb7
Rc7 28. Ra8+ Kh7 29. Nd8 Bd3 30. f4 h5 31. Ra7 Rxa7 32. Bxa7 Kg6 33. g3 Nd2 34.
Nxc6 Ne4 35. Ne7+ Kh7 36. Bd4 Nxg3 37. Nc8 Kg8 38. Kf2 Nf5 39. Bc5 f6 40. exf6
gxf6 41. Na7 Kf7 42. b5 Ke8 43. b6 Kd7 44. Bb4 Ba6 45. Kf3 Bf1 46. Ba5 Ba6 47.
Kf2 Nd6 48. Bb4 Nf5 49. Bc5 Nd6 50. Kf3 Nf5 51. Kg2 Nd6 52. Bd4 Ne4 53. Kh2 Kd6
54. Kg2 Ke7 55. Kf3 Kd6 56. Kg2 Kd7 57. Kh2 1/2-1/2

[Event "8e Festival de Vaujany 2017 - accession"]
[Site "?"]
[Date "2017.07.17"]
[Round "5.12"]
[White "Joachim, Rodny"]
[Black "Gregorio, Santiago"]
[Result "1-0"]
[WhiteElo "1685"]
[BlackElo "1776"]
[PlyCount "33"]
[SourceDate "2017.07.14"]

1. e4 c6 2. d4 g6 3. Nf3 d5 4. e5 h5 5. Bd3 Nh6 6. O-O Nf5 7. Re1 Qb6 8. e6
Bxe6 9. Rxe6 fxe6 10. Qe2 c5 11. dxc5 Qxc5 12. Qxe6 Nc6 13. Qxg6+ Kd8 14. Bxf5
Nd4 15. Ng5 Qa5 16. Nf7+ Kc7 17. Bf4+ 1-0

[Event "8e Festival de Vaujany 2017 - accession"]
[Site "?"]
[Date "2017.07.17"]
[Round "5.41"]
[White "Williams, Joanna"]
[Black "Shin , Jae Yeol"]
[Result "0-1"]
[WhiteElo "1398"]
[BlackElo "1824"]
[PlyCount "138"]
[SourceDate "2017.07.14"]

1. e4 e5 2. d4 f6 3. Nc3 Bb4 4. Nge2 d5 5. a3 Bxc3+ 6. Nxc3 dxe4 7. dxe5 Qxd1+
8. Nxd1 fxe5 9. Bc4 Nc6 10. Nc3 Bf5 11. Bd2 O-O-O 12. O-O-O Nf6 13. f3 exf3 14.
gxf3 Nd4 15. Bd3 Bxd3 16. cxd3 Nxf3 17. Be3 b6 18. h3 g5 19. Rhf1 Nd4 20. Rxf6
h6 21. Bxd4 Rxd4 22. Nb5 Rd5 23. Nxa7+ Kb7 24. Nc6 Rc5+ 25. Kb1 Rxc6 26. Rxc6
Kxc6 27. Kc2 h5 28. d4 Kd5 29. Kc3 Rf8 30. dxe5+ Kxe5 31. Re1+ Kd6 32. Rd1+ Kc6
33. Kc4 Rf4+ 34. Rd4 Rxd4+ 35. Kxd4 g4 36. h4 g3 37. Ke3 Kd5 38. a4 g2 39. Kf2
Ke4 40. Kxg2 Kf4 41. Kh3 c5 42. b3 Kf3 43. Kh2 Kg4 44. Kg2 Kxh4 45. Kh2 Kg4 46.
Kg2 h4 47. Kh2 h3 48. Kh1 Kf3 49. Kh2 Ke3 50. Kxh3 Kd3 51. Kg3 Kc3 52. a5 bxa5
53. Kf4 Kxb3 54. Ke3 a4 55. Kd2 Kb2 56. Kd3 a3 57. Kc4 a2 58. Kxc5 a1=Q 59. Kb4
Qa3+ 60. Kc4 Qe3 61. Kb4 Qd4+ 62. Kb5 Ka3 63. Kc6 Qe5 64. Kb6 Kb4 65. Ka6 Qe6+
66. Kb7 Kc5 67. Kc7 Qe7+ 68. Kc8 Kb6 69. Kb8 Qb7# 0-1

[Event "8e Festival de Vaujany 2017 - accession"]
[Site "?"]
[Date "2017.07.18"]
[Round "6.1"]
[White "De Muyser, Xavier"]
[Black "Mars, Fiona"]
[Result "0-1"]
[WhiteElo "1751"]
[BlackElo "1733"]
[PlyCount "70"]
[SourceDate "2017.07.14"]

1. e4 e5 2. Nc3 Nc6 3. Nf3 Nf6 4. d4 d6 (4... exd4 5. Nxd4 Bb4) (4... Bb4) 5.
Bb5 Bd7 6. d5 Ne7 7. Bc4 Ng6 8. Bg5 (8. Qd3 a6 9. a4 Nh5 10. g3 Be7 11. Qe2 O-O
12. Ng1 Nf6 13. f4 exf4 14. gxf4 Ng4 15. h3 Bh4+ 16. Kf1 Nh6 17. f5 Qf6 18. Nf3
Ne5 19. Nxe5 Qxe5 20. Bxh6 gxh6 21. Qg4+ Bg5 22. h4 Qf4+ 23. Qxf4 Bxf4 24. Ke2
Kh8 25. a5 Rg8 26. Rag1 Rxg1 27. Rxg1 Rg8 28. Rxg8+ Kxg8 29. h5 Be5 30. Nd1 Kg7
31. Kf3 Ba4 32. b3 Be8 33. Be2 Kf6 34. Kg4 Bd4 35. c3 Be5 36. Bd3 c6 37. dxc6
Bxc6 38. c4 Bd4 39. Kf4 Be8 40. b4 Ba4 41. Ne3 Bxe3+ 42. Kxe3 Ke5 43. b5 axb5
44. cxb5 d5 45. exd5 Kxd5 46. Be4+ Kc5 47. b6 Kb5 48. Kd4 Kxa5 49. Kc5 Ka6 50.
f6 Bd1 51. Bg6 Bb3 52. Bxh7 Be6 53. Bd3+ Ka5 54. Be4 Ka6 55. Bg6 Ka5 56. Kd6
Kxb6 57. Ke7 Kc7 58. Bxf7 Bxf7 59. Kxf7 b5 60. Kg7 b4 61. f7 {1-0 (61) Mrva,V 
(2129)-Lauko,L (1969) Slovakia 2006}) 8... Be7 9. Qd2 h6 10. Be3 Ng4 11. O-O-O
a6 12. a4 b5 13. Bb3 O-O 14. axb5 axb5 15. Qe2 Nxe3 16. fxe3 Qb8 17. Rdf1 b4
18. Nb1 Ba4 19. Nbd2 Bxb3 20. Nxb3 Qb6 21. h4 c5 22. h5 Nh8 23. Nfd2 Bg5 24.
Nf3 c4 25. Qxc4 Bxe3+ 26. Nfd2 Rfc8 27. Qd3 Rc7 28. Kd1 Bxd2 29. Kxd2 Ra2 30.
Kc1 Ra8 31. Kd2 f6 32. g4 Nf7 33. Rh2 Ng5 34. Ra1 Rxa1 35. Nxa1 Qg1 0-1

[Event "8e Festival de Vaujany 2017 - accession"]
[Site "?"]
[Date "2017.07.18"]
[Round "6.2"]
[White "Lees, Jean Pierre"]
[Black "Chabaud, Mathis"]
[Result "0-1"]
[WhiteElo "1770"]
[BlackElo "1671"]
[PlyCount "100"]
[SourceDate "2017.07.14"]

1. d4 d5 2. c4 c6 3. Nf3 Nf6 4. Nc3 dxc4 5. a4 Na6 6. e3 Bg4 7. Bxc4 e6 8. O-O
Be7 9. Be2 (9. h3 Bh5 10. Qe2 Nb4 11. Rd1 O-O 12. g4 Bg6 13. e4) 9... O-O 10.
h3 (10. a5 c5 11. Qa4 cxd4 12. exd4 Nb4 {1/2-1/2 (12) Panjwani,R (2422)
-Finegold,B (2482) St Louis 2013}) (10. Qb3 Qb6 11. Qc2 Rac8 12. Rd1 Rfd8 13.
h3 Bh5 14. a5 Qc7 15. e4 c5 16. Be3 cxd4 17. Nxd4 Nb4 18. Qa4 Bxe2 19. Ndxe2
Nc6 20. Nd4 Nxd4 21. Bxd4 Bc5 22. Bxc5 Qxc5 23. Rac1 Qe5 24. Qb4 Qb8 25. Qb5 h6
26. g3 a6 27. Qb6 Nd7 28. Qd6 Ne5 29. Qxb8 Rxb8 30. Na4 Nc6 31. Rxd8+ Rxd8 32.
Nc5 Nxa5 33. b4 {1/2-1/2 (33) Galovic,D-Bosnic,M (2110) Belgrade 2008}) 10...
Bh5 11. Ne5 Bxe2 12. Qxe2 Nb4 13. Rd1 Rc8 14. Bd2 Qc7 15. Rac1 Rfd8 16. Nf3 a6
17. Be1 Qb8 18. a5 Qc7 19. Ra1 c5 20. Qc4 cxd4 21. Qxc7 Rxc7 22. Nxd4 Rcd7 23.
Nb3 Rxd1 24. Rxd1 Rxd1 25. Nxd1 Nd3 26. Kf1 Nd5 27. Ke2 (27. Bd2 e5 28. Ke2 e4
29. Nc3 Nf6) 27... Nxe1 28. Kxe1 Bb4+ 29. Ke2 Ne7 30. Nc3 Nc6 31. Na4 Kf8 32.
Nac5 Bxc5 33. Nxc5 Nxa5 34. Kd3 Ke7 35. b4 Nc6 36. Kc4 b5+ 37. Kb3 Nb8 38. Kc3
Kd6 39. Ne4+ Kd5 40. Ng5 f6 41. e4+ Kd6 (41... Ke5 42. f4+ Kxf4 (42... Kd6) 43.
Nxe6+ Kxe4 44. Nxg7) 42. Nf3 Nc6 43. Nd4 $2 (43. Nd2 Ke5 44. g3 g5) 43... Nxd4
44. Kxd4 Kc6 45. f4 Kb6 46. g4 a5 47. e5 a4 48. f5 fxe5+ 49. Kxe5 exf5 50. gxf5
a3 0-1

[Event "8e Festival de Vaujany 2017 - accession"]
[Site "?"]
[Date "2017.07.18"]
[Round "6.3"]
[White "Kim , Yun Seo"]
[Black "Vanhee, Lars"]
[Result "0-1"]
[WhiteElo "1763"]
[BlackElo "1707"]
[PlyCount "108"]
[SourceDate "2017.07.14"]

1. e4 d6 2. d4 Nf6 3. Nc3 Nbd7 4. f4 e5 5. Be3 c6 6. Qf3 h5 7. O-O-O Qc7 8. Nh3
b5 9. Ng5 Be7 10. Ne2 Rf8 11. Ng3 g6 12. f5 exd4 13. Bxd4 Ne5 14. Bxe5 dxe5 15.
fxg6 fxg6 16. Qb3 Rb8 17. Ne6 Bxe6 18. Qxe6 Rb6 19. Be2 c5 20. Qh3 Rh8 21. Bf3
c4 22. Ne2 b4 23. Kb1 c3 24. Qg3 Kf7 25. Rhf1 Ra6 26. Nc1 cxb2 27. Kxb2 Qc3+
28. Kb1 Rc8 29. Qf2 Bc5 30. Qe2 Qa3 31. Qc4+ Kg7 32. Qb3 Bd4 33. Qxa3 bxa3 34.
Rd3 Bc3 35. Nb3 Rb6 36. Kc1 Rbc6 37. Rf2 Bb2+ 38. Kd1 Rc4 39. Re2 g5 40. g3 g4
41. Bg2 Rb4 42. Nc1 Rcc4 43. Rb3 Rd4+ 44. Nd3 Rxb3 45. cxb3 Rxd3+ 46. Kc2 Rc3+
47. Kd2 Rxb3 48. axb3 a2 49. Re1 a1=Q 50. Rxa1 Bxa1 51. Kd3 Kf7 52. Kc4 Ke6 53.
h3 Kd6 54. hxg4 hxg4 0-1

[Event "8e Festival de Vaujany 2017 - accession"]
[Site "?"]
[Date "2017.07.18"]
[Round "6.4"]
[White "Sesia, Noah"]
[Black "Gallet, Gilles"]
[Result "1-0"]
[WhiteElo "1723"]
[BlackElo "1665"]
[PlyCount "47"]
[SourceDate "2017.07.14"]

1. d4 d5 2. Bg5 Nf6 3. Nf3 Bf5 4. e3 Qd6 5. a3 Nbd7 6. c4 c5 7. cxd5 Qxd5 8.
Nc3 Qc6 9. Bb5 Qc7 10. Nh4 Bg6 11. dxc5 O-O-O 12. Nxg6 hxg6 13. c6 bxc6 14.
Ba6+ Kb8 15. Qb3+ Ka8 16. O-O-O e6 17. Qc2 Be7 18. Be2 Ne5 19. f4 Ned7 20. Bf3
Nc5 21. b4 Ncd7 22. Nb5 Qb6 23. Qxc6+ Qxc6+ 24. Bxc6+ 1-0